Största Svenska Städerna på varje Bokstav - Statistics

General Stats
  • This quiz has been taken 16 times
  • The average score is 13 of 22
Answer Stats
Bokstav Befolkning Stad % Correct
G 725,729 Göteborg
90%
J 104,211 Jönköping
90%
L 120,109 Linköping
90%
M 339,316 Malmö
90%
N 98,229 Norrköping
90%
S 1,809,412 Stockholm
90%
V 131,643 Västerås
80%
B 83,060 Borås
70%
E 76,262 Eskilstuna
70%
H 116,029 Helsingborg
70%
U 178,098 Uppsala
70%
Ö 129,116 Örebro
60%
K 72,759 Karlstad
50%
Y 21,259 Ystad
50%
T 50,069 Trollhättan
40%
R 12,636 Ronneby
30%
Å 38,329 Åkersberga
20%
A 27,895 Alingsås
20%
Ä 31,089 Ängelholm (inkl. Vejbystrand)
20%
F 41,126 Falun
20%
O 18,817 Oskarshamn
20%
P 23,824 Piteå
20%
No matching quizzes found
Score Distribution
Percent of People with Each Score
Percentile by Number Answered
Your Score History
You have not taken this quiz